Miera, meradlo

Bibliographic Details
Main Author: Štefunko, Fr (Author)
Format: Article
Language:Slovak
Subjects:

MARC

LEADER 00000nab a2200000 a 4500
001 vtls009157615
003 SK-MaSNL
005 20260304153923.0
008 250507c1941 xo |r|p|||||||000 b|slo
015 |a SNBRB2007/11  |2 snkbucl 
035 |a (uuid)574fc043-8c36-4ef0-a8ee-cd0a98a242ab 
035 |a urn:nbn:sk:snk-ab1drk 
035 |a (urnnbn)urn:nbn:sk:snk:ar-002the 
038 |a SNKBUCL 
040 |a SNKBUCL  |b slo  |c SNKBUCL  |e AACR2 
041 0 |a slo 
044 |a xo  |c SK 
080 |a 811.162.4`373  |2 2001 
080 |a 81`373:811.162.4  |2 2001 
100 1 |a Štefunko, Fr.  |4 aut  |9 1477970 
245 1 0 |a Miera, meradlo  |c Fr. Štefunko 
650 0 7 |a slovenčina  |2 snkbucl  |9 1350 
650 0 7 |a slovná zásoba  |2 snkbucl  |9 66837 
773 0 |t Slovenská reč  |g Roč. VIII, č. 5-6 (1940/1941), s. 179-180 
850 |a Slovenská národná knižnica 
852 |a Slovenská národná knižnica 
954 |a odborná, vedecká literatúra pôvodná (slovenská)  |2 lita 
958 |a article27 
958 |a SK 
958 |a OND 
958 |a EUIPO 
999 |c 2955521  |d 2957451